=LDR 00000nam 2200000 4500 =001 INLIS000000000039901 =005 20130612145511 =008 ***********************************ind** =035 ##$$0010-061300000039901 =041 ##$$a ind =082 ##$$a 005.73 =090 ##$$a 005.73, Wij.b =100 ##$$a Wijayacitra =245 ##$$a Buku data IC catu daya, Wijayacitra =650 ##$$a Data Struktur =850 ##$$a NBPNMAT